000 00334nam a2200145Ia 4500
008 210210b1963 xxu||||| |||| 00| 0 eng d
041 _aeng
082 _a954/442
100 _aSPEAR (P)
245 _aNabobs
260 _aLondon
_bOxford University Press
_c1963
650 _aNabobs
690 _aIndian History
906 _a026199
999 _c152243
_d152243